| 000 | 00589nam a2200205Ia 4500 | ||
|---|---|---|---|
| 001 | 18728 | ||
| 003 | GE_BSU | ||
| 008 | 181216s||||||||xx |||||||||||||| ||und|| | ||
| 040 | _cGE_BSU | ||
| 245 | _aВопросы Культурологии, 9/2016 | ||
| 245 | _cГл.ред.Агошков Андрей Валерьевич | ||
| 260 | _aМосква | ||
| 260 | _bпанорама | ||
| 260 | _c2016 | ||
| 300 | _a96стр,26см | ||
| 653 | _aВопросы Культурологии 9/2016 | ||
| 653 | _aПериодика | ||
| 653 | _aპერიოდიკა | ||
| 942 | _cCR | ||
| 999 |
_c51736 _d51736 |
||